[Event "Chigorin Vancouver inv (online)"]
[Site "chess.com"]
[Date "2020.12.13"]
[Round "2"]
[White "Morozov, Grigory"]
[Black "Kaufman, Raymond"]
[Result "1-0"]
[WhiteElo "2437"]
[BlackElo "2364"]
[PlyCount "117"]
[GameId "2160767907635633"]
[EventDate "2020.12.13"]
[EventType "tourn (rapid)"]
[EventRounds "6"]
[EventCountry "CAN"]

1. Nf3 c5 2. g3 Nc6 3. Bg2 g6 4. O-O Bg7 5. d3 d6 6. c3 Nf6 7. e4 Bg4 8. Nbd2 Qd7 9. Qb3 O-O 10. Re1 Rac8 11. a4 Ne8 12. a5 Nc7 13. Nc4 Rb8 14. Ne3 Bh3 15. Bh1 h6 16. Nd5 e6 17. Nf4 Bg4 18. h3 Bxf3 19. Bxf3 b5 20. axb6 axb6 21. Bg2 b5 22. Ne2 Ne5 23. Qc2 c4 24. d4 Nd3 25. Rd1 b4 26. Nf4 Nxc1 27. Rdxc1 e5 28. dxe5 Bxe5 29. Qd2 bxc3 30. bxc3 Qb5 31. Bf1 Qc5 32. Ra4 Nb5 33. Rxc4 Qa3 34. Nd5 Bg7 35. Rc6 Rfd8 36. Qe3 Kh7 37. Rb1 Nd4 38. Rxb8 Nxc6 39. Rb7 Rf8 40. Kg2 Qa2 41. Qb6 Ne5 42. Qb3 Qxb3 43. Rxb3 Nd7 44. f3 Ra8 45. Kf2 h5 46. Rb7 Nc5 47. Rxf7 Ra2+ 48. Ke3 Kg8 49. Rc7 Rc2 50. Bd3 Rg2 51. Ne7+ Kh7 52. Be2 Rxg3 53. Kf2 h4 54. Nd5 Rxh3 55. Nf6+ Kh6 56. Ng4+ Kh7 57. e5 Ne6 58. exd6 Nf4 59. d7 1-0

[Event "Chigorin Vancouver inv (online)"]
[Site "chess.com"]
[Date "2020.12.13"]
[Round "3"]
[White "Hemstapat, Andrew"]
[Black "Kaufman, Raymond"]
[Result "1/2-1/2"]
[WhiteElo "2245"]
[BlackElo "2364"]
[PlyCount "69"]
[GameId "2160767907635635"]
[EventDate "2020.12.13"]
[EventType "tourn (rapid)"]
[EventRounds "6"]
[EventCountry "CAN"]

1. e4 e5 2. Nf3 Nc6 3. Bb5 a6 4. Ba4 Nge7 5. O-O g6 6. c3 Bg7 7. d4 exd4 8. cxd4 b5 9. Bb3 O-O 10. h3 d6 11. a3 Bb7 12. Nc3 Na5 13. Be3 Nxb3 14. Qxb3 Qd7 15. Rac1 h6 16. Nd2 Kh7 17. Ne2 Rac8 18. Qd3 f5 19. f3 Rcd8 20. b4 Nc6 21. Qc2 f4 22. Bf2 Rf7 23. d5 Ne5 24. Nd4 Rc8 25. Rfd1 c6 26. dxc6 Nxc6 27. Nxc6 Rxc6 28. Qb1 Rxc1 29. Qxc1 Qc7 30. Qb1 d5 31. exd5 Bxd5 32. Ne4 Bxe4 33. Qxe4 Re7 34. Qd3 Qc4 35. Kf1 1/2-1/2

[Event "Chigorin Vancouver inv (online)"]
[Site "chess.com"]
[Date "2020.12.20"]
[Round "4"]
[White "Gedajlovic, Max"]
[Black "Kaufman, Raymond"]
[Result "0-1"]
[WhiteElo "2329"]
[BlackElo "2364"]
[PlyCount "92"]
[GameId "2160767907635636"]
[EventDate "2020.12.13"]
[EventType "tourn (rapid)"]
[EventRounds "6"]
[EventCountry "CAN"]

1. d4 Nf6 2. Nf3 e6 3. e3 b6 4. Bd3 Bb7 5. O-O Be7 6. c4 O-O 7. Nc3 d5 8. cxd5 exd5 9. b3 Nbd7 10. Bb2 c5 11. Rc1 Rc8 12. Qe2 Re8 13. Rfd1 Qc7 14. Bf5 Rcd8 15. Ne5 Nf8 16. Qf3 Ng6 17. Bxg6 hxg6 18. g4 Rf8 19. h4 Ne4 20. g5 Nxc3 21. Bxc3 Bd6 22. Ng4 Qe7 23. Qg2 Rfe8 24. f3 Bc8 25. Re1 Bxg4 26. Qxg4 Qe6 27. Qxe6 Rxe6 28. Kf2 Rde8 29. Rcd1 f5 30. dxc5 Bxc5 31. Bd4 Bb4 32. Rh1 f4 33. exf4 Re2+ 34. Kg3 Rxa2 35. Be5 Rc8 36. h5 gxh5 37. Rxh5 Rcc2 38. Kg4 g6 39. Rh8+ Kf7 40. Rh7+ Ke6 41. Rh3 Bc5 42. Rg3 a5 43. Rh1 Rh2 44. Rxh2 Rxh2 45. Ba1 Bf2 46. Rh3 Rg2+ 0-1

[Event "Chigorin Vancouver inv (online)"]
[Site "chess.com"]
[Date "2020.12.20"]
[Round "5"]
[White "Kaufman, Raymond"]
[Black "Morozov, Grigory"]
[Result "0-1"]
[WhiteElo "2364"]
[BlackElo "2437"]
[PlyCount "96"]
[GameId "2160767907635639"]
[EventDate "2020.12.13"]
[EventType "tourn (rapid)"]
[EventRounds "6"]
[EventCountry "CAN"]

1. e4 e6 2. d4 d5 3. Nc3 Bb4 4. e5 Qd7 5. h4 b6 6. h5 h6 7. Qg4 Bf8 8. Bd2 Ba6 9. Bxa6 Nxa6 10. Nge2 Ne7 11. Ng3 c5 12. O-O cxd4 13. Nce2 Nc6 14. Nxd4 Nxe5 15. Qe2 Nc4 16. Bf4 Nc5 17. b3 Nd6 18. c4 dxc4 19. bxc4 Qb7 20. Rfd1 Rd8 21. Ndf5 Nxf5 22. Nxf5 Qe4 23. Rxd8+ Kxd8 24. Rd1+ Kc8 25. Qd2 Qd3 26. Qxd3 Nxd3 27. Rxd3 exf5 28. Be5 Rg8 29. g3 Bc5 30. Kg2 g6 31. Kf3 gxh5 32. Bf6 Rg6 33. Be5 h4 34. gxh4 Rg4 35. Bf6 Rxc4 36. Rd8+ Kc7 37. Rh8 Rc2 38. Rxh6 Rxf2+ 39. Kg3 f4+ 40. Kg4 f3 41. Be5+ Kd7 42. Rf6 Re2 43. Bg3 f2 44. Rxf7+ Ke6 45. Rf3 Rxa2 46. Rf5 Ra4+ 47. Kg5 Be3+ 48. Kg6 Rg4+ 0-1

[Event "Chigorin Vancouver inv (online)"]
[Site "chess.com"]
[Date "2020.12.20"]
[Round "6"]
[White "Kaufman, Raymond"]
[Black "Hemstapat, Andrew"]
[Result "0-1"]
[WhiteElo "2364"]
[BlackElo "2245"]
[PlyCount "42"]
[GameId "2160767907635640"]
[EventDate "2020.12.13"]
[EventType "tourn (rapid)"]
[EventRounds "6"]
[EventCountry "CAN"]

1. e4 e6 2. d4 d5 3. Nc3 Nf6 4. Bg5 Be7 5. e5 Nfd7 6. h4 Nc6 7. Qg4 f6 8. Be3 fxe5 9. Qxg7 Bf6 10. Qh6 exd4 11. Qh5+ Ke7 12. Nxd5+ exd5 13. Bg5 Qe8 14. Qf3 Bxg5 15. hxg5 Qf7 16. Qa3+ Kd8 17. O-O-O Nde5 18. Bb5 Qxf2 19. Nf3 Nxf3 20. Rxh7 Re8 21. gxf3 Bf5 0-1

[Event "Winter Chess Classic"]
[Site "Montreal CAN"]
[Date "2020.03.02"]
[Round "1"]
[White "Ragnarsson, Dagur"]
[Black "Kaufman, Raymond"]
[Result "1/2-1/2"]
[WhiteElo "2400"]
[BlackElo "2281"]
[PlyCount "98"]
[GameId "2160767739267559"]
[EventDate "2020.03.02"]
[EventType "tourn"]
[EventRounds "9"]
[EventCountry "CAN"]
[WhiteTeam "Island"]
[BlackTeam "Kanada"]
[WhiteTeamCountry "ISL"]
[BlackTeamCountry "CAN"]
[WhiteClock "0:02:55"]
[BlackClock "0:14:50"]

1. d4 Nf6 2. c4 g6 3. Nf3 Bg7 4. g3 O-O 5. Bg2 d6 6. O-O Nc6 7. Nc3 e5 8. dxe5 dxe5 9. Qa4 Be6 10. Bg5 Qc8 11. Rfd1 h6 12. Bxf6 Bxf6 13. Nd2 Nd4 14. Rac1 c6 15. e3 Nf5 16. b4 a6 17. Nce4 Be7 18. Qa5 Qb8 19. c5 Qd8 20. Qa4 Qc7 21. Bf1 Rad8 22. Bc4 Bc8 23. Qc2 Kg7 24. Qc3 f6 25. Bb3 h5 26. Nc4 Be6 27. f4 Bd5 28. Ned2 exf4 29. gxf4 Nh4 30. Rf1 Qc8 31. e4 Qg4+ 32. Qg3 Bxc4 33. Nxc4 Rd3 34. Qxg4 hxg4 35. Rfd1 Rfd8 36. Rxd3 Rxd3 37. Rd1 Rh3 38. Rd7 Kf8 39. Bd1 Nf3+ 40. Bxf3 Rxf3 41. Rxb7 Rxf4 42. Na5 Rxe4 43. Nxc6 f5 44. Nxe7 Rxe7 45. Rxe7 Kxe7 46. a4 Kd7 47. b5 axb5 48. axb5 f4 49. Kf2 Kc7 1/2-1/2

[Event "Winter Chess Classic"]
[Site "Montreal CAN"]
[Date "2020.03.03"]
[Round "2"]
[White "Kaufman, Raymond"]
[Black "Williams, Justus"]
[Result "0-1"]
[WhiteElo "2281"]
[BlackElo "2340"]
[PlyCount "120"]
[GameId "2160767739267564"]
[EventDate "2020.03.02"]
[EventType "tourn"]
[EventRounds "9"]
[EventCountry "CAN"]
[WhiteTeam "Kanada"]
[BlackTeam "USA"]
[WhiteTeamCountry "CAN"]
[BlackTeamCountry "USA"]
[WhiteClock "0:15:21"]
[BlackClock "0:00:42"]

1. e4 c5 2. Nf3 e6 3. g3 b6 4. Bg2 Bb7 5. d3 d6 6. O-O Nd7 7. Nbd2 Ngf6 8. Re1 Qc7 9. c3 Be7 10. d4 cxd4 11. cxd4 O-O 12. b3 Rfc8 13. Ba3 b5 14. e5 Ne8 15. Ne4 Bxe4 16. Rxe4 d5 17. Bxe7 dxe4 18. Ng5 Nxe5 19. Bc5 Nf3+ 20. Nxf3 exf3 21. Qxf3 Rab8 22. b4 Nf6 23. a4 a5 24. axb5 Rxb5 25. Bf1 Rxb4 26. Bxb4 axb4 27. Qb3 Rb8 28. Bc4 g6 29. Ra4 Qb6 30. Qb2 Ne4 31. Ra6 Qc7 32. Bd3 Nc3 33. Qb3 Qd7 34. Qc4 Nd5 35. Qb3 Nc7 36. Ra7 Qd6 37. Bc4 Qb6 38. Ra4 Nd5 39. Bxd5 exd5 40. Qe3 b3 41. Ra1 b2 42. Rb1 Qb3 43. Qd2 Qb4 44. Qe3 Ra8 45. Kg2 Qb5 46. Qc3 Ra2 47. Qe1 h5 48. h4 Qa4 49. Qe5 Qc2 50. Qb8+ Kg7 51. Qe5+ Kh7 52. Qe7 Qe4+ 53. Qxe4 dxe4 54. g4 hxg4 55. Kg3 f5 56. Kf4 Kg7 57. Ke5 g3 58. fxg3 e3 59. d5 e2 60. d6 Ra1 0-1

[Event "Winter Chess Classic"]
[Site "Montreal CAN"]
[Date "2020.03.03"]
[Round "3"]
[White "Talukdar, Rohan"]
[Black "Kaufman, Raymond"]
[Result "1/2-1/2"]
[WhiteElo "2331"]
[BlackElo "2281"]
[PlyCount "114"]
[GameId "2160767739267569"]
[EventDate "2020.03.02"]
[EventType "tourn"]
[EventRounds "9"]
[EventCountry "CAN"]
[WhiteTeam "Kanada"]
[BlackTeam "Kanada"]
[WhiteTeamCountry "CAN"]
[BlackTeamCountry "CAN"]
[WhiteClock "0:09:51"]
[BlackClock "0:15:48"]

1. e4 e5 2. Nf3 Nc6 3. Bb5 a6 4. Ba4 Nf6 5. O-O Be7 6. Re1 b5 7. Bb3 d6 8. c3 O-O 9. d4 Bg4 10. Be3 exd4 11. cxd4 Na5 12. Bc2 c5 13. h3 cxd4 14. Bxd4 Bh5 15. b3 Rc8 16. Nbd2 Nc6 17. Bb2 Nd7 18. Qb1 Bf6 19. a4 Nb4 20. Bxf6 Nxf6 21. Bd3 Rc3 22. Re3 Qb6 23. axb5 axb5 24. Qf1 Bg6 25. Rae1 d5 26. Ne5 Nxd3 27. Nxg6 fxg6 28. Rxd3 Rxd3 29. Qxd3 dxe4 30. Qc2 Re8 31. Nxe4 Nxe4 32. Rxe4 Rxe4 33. Qxe4 h6 34. Qd5+ Kh7 35. b4 Qa6 36. Kh2 Qb6 37. Kg1 Qa6 38. g3 Qa1+ 39. Kg2 Qa4 40. Qe4 Qb3 41. h4 h5 42. Qd4 Qa3 43. Kf1 Qc1+ 44. Ke2 Qc2+ 45. Ke3 Qc1+ 46. Ke4 Qc6+ 47. Ke5 Qc7+ 48. Kd5 Qd7+ 49. Ke4 Qc6+ 50. Ke3 Qc1+ 51. Kf3 Qc6+ 52. Qe4 Qc3+ 53. Kg2 Qa3 54. Qf4 Qd3 55. Kg1 Qd1+ 56. Kh2 Qf1 57. Qd4 Kg8 1/2-1/2

[Event "Winter Chess Classic"]
[Site "Montreal CAN"]
[Date "2020.03.04"]
[Round "5"]
[White "Liang, Jason"]
[Black "Kaufman, Raymond"]
[Result "1-0"]
[WhiteElo "2288"]
[BlackElo "2281"]
[PlyCount "203"]
[GameId "2160767739267577"]
[EventDate "2020.03.02"]
[EventType "tourn"]
[EventRounds "9"]
[EventCountry "CAN"]
[WhiteTeam "USA"]
[BlackTeam "Kanada"]
[WhiteTeamCountry "USA"]
[BlackTeamCountry "CAN"]
[WhiteClock "0:05:54"]
[BlackClock "0:01:45"]

1. d4 Nf6 2. Bf4 g6 3. Nc3 d5 4. Qd2 c5 5. e3 Bg7 6. dxc5 O-O 7. O-O-O Nc6 8. Bb5 Qa5 9. Bxc6 bxc6 10. Be5 Ne4 11. Nxe4 Qxd2+ 12. Nxd2 Bxe5 13. Ngf3 Bg7 14. e4 Rb8 15. c3 dxe4 16. Nxe4 Be6 17. a3 Rb7 18. Nd4 Bd5 19. f3 Rfb8 20. b4 f5 21. Ng3 a5 22. Nge2 axb4 23. cxb4 Ra8 24. Nc2 e5 25. Nc3 Bb3 26. Kb2 Bxc2 27. Kxc2 Rxa3 28. Rd8+ Kf7 29. Kb2 Ra6 30. Kb3 Bf6 31. Rd3 Be7 32. Kc4 Ke6 33. Re1 Ra8 34. Rde3 Bf6 35. Rd1 Be7 36. Red3 Rab8 37. Na2 Ra7 38. R3d2 h5 39. Nc1 Ra4 40. Nd3 Bf6 41. Re2 Rd8 42. Nf4+ Kf7 43. Rxd8 Bxd8 44. Nd3 Bc7 45. Kb3 Ra1 46. Nxe5+ Bxe5 47. Rxe5 Rb1+ 48. Ka3 h4 49. h3 Ra1+ 50. Kb2 Ra4 51. Kb3 Ra1 52. Re2 Rb1+ 53. Kc3 Rc1+ 54. Rc2 Rb1 55. Rb2 Rc1+ 56. Kd3 Ke6 57. Ke3 Rc4 58. b5 cxb5 59. Rxb5 Kd5 60. Rb6 Kxc5 61. Rxg6 Kd5 62. Rg8 Ra4 63. Rh8 Ra2 64. Kf4 Rxg2 65. Rxh4 Ke6 66. Rh6+ Kf7 67. Kxf5 Rg3 68. Kf4 Rg1 69. Rh4 Kf6 70. Rg4 Rh1 71. Kg3 Rg1+ 72. Kf2 Rh1 73. Kg2 Ra1 74. h4 Ra5 75. Kh3 Ra1 76. Rg2 Ra5 77. Rb2 Ra1 78. Kg4 Rg1+ 79. Kf4 Rh1 80. Rb6+ Kf7 81. Kg5 Rg1+ 82. Kf5 Rh1 83. Rb7+ Kg8 84. h5 Rh3 85. Kg4 Rh1 86. f4 Rg1+ 87. Kf5 Rh1 88. Kf6 Rh2 89. f5 Rh1 90. Rb6 Rf1 91. Rb8+ Kh7 92. Ke6 Re1+ 93. Kf7 Re5 94. f6 Ra5 95. Rb7 Rxh5 96. Ke6+ Kg6 97. Rg7+ Kh6 98. Rg8 Kh7 99. f7 Ra5 100. Rd8 Ra6+ 101. Ke7 Ra7+ 102. Ke8 1-0

[Event "Winter Chess Classic"]
[Site "Montreal CAN"]
[Date "2020.03.05"]
[Round "6"]
[White "Rodrigue-Lemieux, Shawn"]
[Black "Kaufman, Raymond"]
[Result "1-0"]
[WhiteElo "2276"]
[BlackElo "2281"]
[PlyCount "111"]
[GameId "2160767739296258"]
[EventDate "2020.03.02"]
[EventType "tourn"]
[EventRounds "9"]
[EventCountry "CAN"]
[WhiteTeam "Kanada"]
[BlackTeam "Kanada"]
[WhiteTeamCountry "CAN"]
[BlackTeamCountry "CAN"]
[WhiteClock "0:02:51"]
[BlackClock "0:09:24"]

1. c4 e6 2. Nc3 d5 3. e3 Nf6 4. Nf3 c5 5. d4 a6 6. cxd5 exd5 7. Be2 Nc6 8. O-O Bd6 9. dxc5 Bxc5 10. b3 O-O 11. Bb2 Re8 12. Rc1 Ba7 13. Na4 Ne4 14. Nd4 Bd7 15. Nxc6 Bxc6 16. Bd4 Bxd4 17. Qxd4 Bxa4 18. Qxa4 Qf6 19. Qb4 Qb2 20. Bd3 Nxf2 21. Bf5 Ne4 22. Qxb7 Qd2 23. Bxe4 Qxe3+ 24. Kh1 dxe4 25. Rc7 Qd4 26. Rcxf7 e3 27. Re7 Rf8 28. Re1 Qc3 29. Qd5+ Kh8 30. Rg1 Rae8 31. Qf7 Rd8 32. Qe6 Qb2 33. Qxa6 Qf2 34. h3 Rde8 35. Rxe8 Rxe8 36. Rf1 Qd2 37. Qc6 Rd8 38. Qc5 Rg8 39. Qc1 e2 40. Re1 Qxa2 41. Qe3 h6 42. Rxe2 Qb1+ 43. Re1 Qb2 44. Qd3 Ra8 45. Rb1 Qa3 46. Kh2 Rb8 47. Qg3 Qb4 48. Rc1 Ra8 49. Rc4 Qa3 50. Rc7 Qb2 51. Rb7 Rd8 52. Rb8 Rxb8 53. Qxb8+ Kh7 54. b4 Qb1 55. b5 Qb2 56. b6 1-0

[Event "Winter Chess Classic"]
[Site "Montreal CAN"]
[Date "2020.03.05"]
[Round "7"]
[White "Kaufman, Raymond"]
[Black "Duong, Thanh Nha"]
[Result "1/2-1/2"]
[WhiteElo "2281"]
[BlackElo "2182"]
[PlyCount "88"]
[GameId "2160767739296259"]
[EventDate "2020.03.02"]
[EventType "tourn"]
[EventRounds "9"]
[EventCountry "CAN"]
[WhiteTeam "Kanada"]
[BlackTeam "Kanada"]
[WhiteTeamCountry "CAN"]
[BlackTeamCountry "CAN"]
[WhiteClock "0:39:55"]
[BlackClock "0:12:24"]

1. d4 Nf6 2. c4 e6 3. Nf3 d5 4. g3 dxc4 5. Bg2 Bb4+ 6. Bd2 c5 7. dxc5 Bxc5 8. Qa4+ Nc6 9. Qxc4 Be7 10. O-O O-O 11. Nc3 e5 12. Rfd1 Be6 13. Qa4 Qb6 14. Qb5 Qxb5 15. Nxb5 Bc4 16. Nc3 Rfd8 17. Bg5 h6 18. Bxf6 Bxf6 19. Nd2 Ba6 20. Nb3 Be7 21. Nd5 Bd6 22. Rd2 Nb4 23. Ne3 Be7 24. a3 Rxd2 25. Nxd2 Rd8 26. Ndc4 Nc2 27. Nxc2 Bxc4 28. Bxb7 Rb8 29. Ne3 Bxe2 30. Bd5 Bc5 31. b4 Bb6 32. Re1 Bd3 33. Ng4 Rd8 34. Bb3 Bf5 35. Ne3 Bd3 36. Nd5 Bd4 37. Ne7+ Kf8 38. Nc6 Re8 39. Nxd4 exd4 40. Rd1 Bb5 41. Rxd4 Re1+ 42. Kg2 Ra1 43. Bc4 Bxc4 44. Rxc4 Rxa3 1/2-1/2

[Event "Winter Chess Classic"]
[Site "Montreal CAN"]
[Date "2020.03.06"]
[Round "8"]
[White "Eckert, Doug"]
[Black "Kaufman, Raymond"]
[Result "0-1"]
[WhiteElo "2139"]
[BlackElo "2281"]
[PlyCount "68"]
[GameId "2160767739296264"]
[EventDate "2020.03.02"]
[EventType "tourn"]
[EventRounds "9"]
[EventCountry "CAN"]
[WhiteTeam "USA"]
[BlackTeam "Kanada"]
[WhiteTeamCountry "USA"]
[BlackTeamCountry "CAN"]
[WhiteClock "0:04:24"]
[BlackClock "0:40:44"]

1. Nf3 c5 2. c4 Nc6 3. d4 cxd4 4. Nxd4 Nf6 5. Nc3 e6 6. a3 Bc5 7. Nb3 Be7 8. e4 O-O 9. Be2 b6 10. Be3 d6 11. O-O Bb7 12. Rc1 Rc8 13. f4 Nb8 14. Qd3 Nbd7 15. Bf3 Qc7 16. Nb5 Qb8 17. Rfd1 Rfd8 18. Nc3 h5 19. h3 Nf8 20. Qe2 Ng6 21. Nd4 e5 22. Nf5 Bf8 23. fxe5 dxe5 24. Bg5 Nf4 25. Qe1 Rxd1 26. Rxd1 Nh7 27. Ne7+ Bxe7 28. Bxe7 Qc7 29. Bd6 Qxc4 30. Bxe5 Nd3 31. Rxd3 Qxd3 32. Bxh5 Rc5 33. Nd5 Bxd5 34. b4 Qxe4 0-1

[Event "Winter Chess Classic"]
[Site "Montreal CAN"]
[Date "2020.03.06"]
[Round "9"]
[White "Kaufman, Raymond"]
[Black "Posthuma, Joshua"]
[Result "0-1"]
[WhiteElo "2281"]
[BlackElo "2355"]
[PlyCount "72"]
[GameId "2160767739296270"]
[EventDate "2020.03.02"]
[EventType "tourn"]
[EventRounds "9"]
[EventCountry "CAN"]
[WhiteTeam "Kanada"]
[BlackTeam "USA"]
[WhiteTeamCountry "CAN"]
[BlackTeamCountry "USA"]
[WhiteClock "0:45:02"]
[BlackClock "0:12:54"]

1. d4 Nf6 2. Nf3 c5 3. e3 g6 4. dxc5 Qa5+ 5. Nbd2 Bg7 6. a3 Qxc5 7. b4 Qc7 8. Bb2 O-O 9. Be2 b6 10. O-O Bb7 11. c4 d6 12. Qb3 Nbd7 13. h3 Rac8 14. Rac1 Qb8 15. Rfd1 Rc7 16. Nd4 a6 17. Bf3 Rfc8 18. Bxb7 Qxb7 19. Ne2 Ne4 20. Bxg7 Kxg7 21. Nf4 Ndf6 22. Nxe4 Qxe4 23. Rd4 Qf5 24. g4 Qg5 25. Ng2 Qe5 26. Rcd1 b5 27. cxb5 axb5 28. f4 Qe6 29. Qd3 Qa2 30. g5 Nh5 31. Rd5 Rc2 32. Rd2 Rxd2 33. Qxd2 Rc2 34. Qd4+ e5 35. Qe4 Rc1+ 36. Kh2 Rh1+ 0-1

[Event "British Columbia op"]
[Site "Richmond CAN"]
[Date "2020.02.15"]
[Round "1.2"]
[White "Taylor, Tristan"]
[Black "Kaufman, Raymond"]
[Result "0-1"]
[WhiteElo "1936"]
[BlackElo "2409"]
[PlyCount "102"]
[GameId "2160767907702208"]
[EventDate "2020.02.15"]
[EventType "swiss"]
[EventRounds "6"]
[EventCountry "CAN"]

1. e4 c5 2. Nf3 d6 3. d4 cxd4 4. Nxd4 Nf6 5. Nc3 a6 6. h3 e6 7. g4 b5 8. Bg2 Bb7 9. O-O b4 10. Nd5 exd5 11. exd5 Be7 12. Re1 O-O 13. Nc6 Bxc6 14. dxc6 d5 15. c7 Qxc7 16. g5 Nc6 17. gxf6 Bxf6 18. Qxd5 Rac8 19. Be4 Nd4 20. Be3 Rfd8 21. Qh5 g6 22. Qg4 h5 23. Qg2 Nxc2 24. Bxc2 Qxc2 25. Rac1 Qf5 26. b3 Rc2 27. Rxc2 Qxc2 28. Qf3 Bc3 29. Re2 Qd1+ 30. Kg2 Kg7 31. Bf4 Rd5 32. Re7 Qxf3+ 33. Kxf3 Rf5 34. Kg3 g5 35. Bc1 Kg6 36. Re2 Rd5 37. Be3 Re5 38. f4 Re6 39. Kf3 gxf4 40. Rg2+ Kf5 41. Bxf4 f6 42. Be3 Re5 43. Re2 Rd5 44. Rf2 Ke6 45. Ke2 f5 46. Rg2 Ke5 47. h4 Ke4 48. Rg6 f4 49. Bc1 f3+ 50. Kf2 Rd1 51. Bg5 Be1+ 0-1

[Event "British Columbia op"]
[Site "Richmond CAN"]
[Date "2020.02.15"]
[Round "2.2"]
[White "Kaufman, Raymond"]
[Black "Patterson, Roger"]
[Result "1-0"]
[WhiteElo "2409"]
[BlackElo "2100"]
[PlyCount "39"]
[GameId "2160767907702218"]
[EventDate "2020.02.15"]
[EventType "swiss"]
[EventRounds "6"]
[EventCountry "CAN"]

1. d4 d5 2. Nf3 e6 3. e3 c5 4. Bd3 Nf6 5. O-O Nc6 6. b3 Be7 7. Nbd2 O-O 8. Bb2 b6 9. Ne5 Nxe5 10. dxe5 Nd7 11. f4 f5 12. c4 Bb7 13. cxd5 exd5 14. Qc2 g6 15. g4 c4 16. bxc4 Nc5 17. Be2 Rc8 18. gxf5 gxf5 19. Rf3 Qd7 20. e6 1-0

[Event "British Columbia op"]
[Site "Richmond CAN"]
[Date "2020.02.16"]
[Round "4.2"]
[White "Kaufman, Raymond"]
[Black "Mohammed Qanee, Arpak Worya"]
[Result "1-0"]
[WhiteElo "2409"]
[BlackElo "2218"]
[PlyCount "66"]
[GameId "2160767907702238"]
[EventDate "2020.02.15"]
[EventType "swiss"]
[EventRounds "6"]
[EventCountry "CAN"]

1. Nf3 d5 2. b3 Nc6 3. Bb2 Bg4 4. e3 e5 5. h3 Bxf3 6. Qxf3 Nf6 7. g4 Qd7 8. g5 Ne4 9. h4 f5 10. d3 Nc5 11. Bh3 g6 12. Nc3 O-O-O 13. O-O-O Bg7 14. e4 Nd4 15. Qg2 c6 16. Kb1 Nce6 17. Bc1 Qc7 18. Rhe1 dxe4 19. dxe4 Qa5 20. Na4 Rhf8 21. c3 Nb5 22. Rxd8+ Qxd8 23. Qf3 Kb8 24. exf5 gxf5 25. Rd1 Qc7 26. Qh5 e4 27. Qxh7 Nc5 28. Nxc5 Nxc3+ 29. Kc2 Nxd1 30. Ne6 Qd7 31. Bf4+ Kc8 32. Qxg7 Qxg7 33. Nxg7 Nxf2 1-0

[Event "British Columbia op"]
[Site "Richmond CAN"]
[Date "2020.02.17"]
[Round "5.1"]
[White "Nunez Asencio, Jorge"]
[Black "Kaufman, Raymond"]
[Result "1-0"]
[WhiteElo "2235"]
[BlackElo "2409"]
[PlyCount "73"]
[GameId "2160767907702247"]
[EventDate "2020.02.15"]
[EventType "swiss"]
[EventRounds "6"]
[EventCountry "CAN"]

1. d4 Nf6 2. Nf3 g6 3. c4 Bg7 4. Nc3 d6 5. h3 O-O 6. Bg5 h6 7. Bh4 c5 8. d5 e6 9. Nd2 exd5 10. cxd5 Nbd7 11. e4 Re8 12. Be2 g5 13. Bg3 Ne5 14. O-O a6 15. a4 Bd7 16. Re1 b5 17. axb5 axb5 18. Nxb5 Qb6 19. Rxa8 Rxa8 20. Nxd6 Qxb2 21. N2c4 Nxc4 22. Bxc4 Qc3 23. Bb5 Ra2 24. Bxd7 Nxd7 25. Nf5 Rd2 26. Qb1 Rb2 27. Qa1 Ra2 28. Qxc3 Bxc3 29. Rb1 h5 30. Rb7 Ra1+ 31. Kh2 Nf6 32. Nh6+ Kg7 33. Nxf7 Kg6 34. Be5 Nxe4 35. Bxc3 Nxc3 36. d6 Rd1 37. d7 1-0

[Event "British Columbia op"]
[Site "Richmond CAN"]
[Date "2020.02.17"]
[Round "6.4"]
[White "Yang, Brian"]
[Black "Kaufman, Raymond"]
[Result "1/2-1/2"]
[WhiteElo "1914"]
[BlackElo "2409"]
[PlyCount "72"]
[GameId "2160767907702260"]
[EventDate "2020.02.15"]
[EventType "swiss"]
[EventRounds "6"]
[EventCountry "CAN"]

1. e4 e5 2. Nf3 Nc6 3. d4 exd4 4. Nxd4 Nf6 5. Nxc6 bxc6 6. e5 Qe7 7. Qe2 Nd5 8. h4 Qe6 9. Nd2 Bb7 10. c4 Nb4 11. Nf3 c5 12. a3 Nc6 13. Bd2 Nd4 14. Nxd4 cxd4 15. O-O-O d6 16. Bf4 dxe5 17. Qxe5 Qxe5 18. Bxe5 c5 19. b4 f6 20. Bc7 cxb4 21. Bd3 Bc5 22. axb4 Bxb4 23. Bf5 O-O 24. Rxd4 Rfe8 25. f3 Bc3 26. Rd3 Be5 27. Bxe5 Rxe5 28. Bh3 a5 29. Rhd1 h5 30. Rd7 Ba6 31. Rc7 Kh7 32. Rdd7 Rg8 33. Rd5 Rge8 34. Rdd7 Rg8 35. Rd5 Rge8 36. Rdd7 Rg8 1/2-1/2

[Event "British Columbia-Washington"]
[Site "Victoria CAN"]
[Date "2020.01.17"]
[Round "1.1"]
[White "Kaufman, Raymond"]
[Black "Vijayakumar, Advaith"]
[Result "1-0"]
[WhiteElo "2266"]
[BlackElo "1774"]
[PlyCount "59"]
[GameId "2160767907702407"]
[EventDate "2020.01.17"]
[EventType "team-match"]
[EventRounds "5"]
[EventCountry "CAN"]
[SourceTitle "EXT 2023"]
[Source "ChessBase"]
[SourceDate "2022.10.05"]
[SourceVersion "1"]
[SourceVersionDate "2022.10.05"]
[SourceQuality "1"]
[WhiteTeam "British Columbia"]
[BlackTeam "Washington"]
[WhiteTeamCountry "CAN"]
[BlackTeamCountry "USA"]

1. d4 Nf6 2. Nf3 e6 3. Bg5 d6 4. Nc3 h6 5. Bh4 Be7 6. e4 Nxe4 7. Bxe7 Nxc3 8. Bxd8 Nxd1 9. Bxc7 Nxb2 10. Bxd6 Nc6 11. a4 Na5 12. Ne5 Bd7 13. Ba3 Nxa4 14. Nxd7 Kxd7 15. Bb5+ Kc7 16. Bxa4 Rhd8 17. c3 Nc4 18. Be7 Rdc8 19. Ke2 Nb6 20. Bb3 Kd7 21. Bc5 Nd5 22. Bxd5 exd5 23. Rxa7 Rxa7 24. Bxa7 Rxc3 25. Rb1 Kc6 26. Bc5 b5 27. Ra1 Rc4 28. Ra6+ Kc7 29. Rb6 Kd7 30. Kd2 1-0

[Event "British Columbia-Washington"]
[Site "Victoria CAN"]
[Date "2020.01.18"]
[Round "2.1"]
[White "Mahajan, Rushaan"]
[Black "Kaufman, Raymond"]
[Result "0-1"]
[WhiteElo "2006"]
[BlackElo "2266"]
[PlyCount "72"]
[GameId "2160767907702417"]
[EventDate "2020.01.17"]
[EventType "team-match"]
[EventRounds "5"]
[EventCountry "CAN"]
[SourceTitle "EXT 2023"]
[Source "ChessBase"]
[SourceDate "2022.10.05"]
[SourceVersion "1"]
[SourceVersionDate "2022.10.05"]
[SourceQuality "1"]
[WhiteTeam "Washington"]
[BlackTeam "British Columbia"]
[WhiteTeamCountry "USA"]
[BlackTeamCountry "CAN"]

1. Nf3 c5 2. g3 d5 3. Bg2 Nf6 4. O-O e6 5. d4 cxd4 6. Nxd4 Bc5 7. c3 O-O 8. Nd2 e5 9. N4b3 Bb6 10. e4 Bg4 11. Qc2 Be6 12. Re1 d4 13. cxd4 exd4 14. Nc4 Bxc4 15. Qxc4 Nc6 16. e5 Re8 17. e6 fxe6 18. Rxe6 Kh8 19. Bg5 Ne5 20. Rxe8+ Qxe8 21. Qb4 Qg6 22. Bf4 Nd3 23. Qd2 Nxf2 24. Kxf2 Ng4+ 25. Kf1 Nxh2+ 26. Kg1 Ng4 27. Bxb7 Rf8 28. Rc1 h5 29. Nc5 Ne3 30. Nd3 Rxf4 31. Nxf4 Qxg3+ 32. Ng2 d3 33. Rc8+ Kh7 34. Be4+ g6 35. Qe1 Ng4+ 36. Kh1 Qh2# 0-1